पुलिस व्यवस्था तथा सकारात्मक सोच / (Record no. 51055)

MARC details
000 -LEADER
fixed length control field 01338nam a22002777a 4500
005 - DATE AND TIME OF LATEST TRANSACTION
control field 20110214110156.0
008 - FIXED-LENGTH DATA ELEMENTS--GENERAL INFORMATION
fixed length control field 090211t xxu||||| |||| 00| 0 hin d
010 ## - LCCN (DPL NO)
LC control number HIN-92041
020 ## - INTERNATIONAL STANDARD BOOK NUMBER
Terms of availability 225.00
International Standard Book Number 9788181500984
035 ## - SYSTEM CONTROL NUMBER
System control number HN-64387
037 ## - SOURCE OF ACQUISITION
Source of stock number/acquisition DBAD / PUB
040 ## - CATALOGING SOURCE
Original cataloging agency DPL
Language of cataloging HN
082 ## - DEWEY DECIMAL CLASSIFICATION NUMBER
Classification number 363.6
100 ## - MAIN ENTRY--PERSONAL NAME
9 (RLIN) 25892
Personal name विश्नोई, ओमराज सिंह
245 ## - TITLE STATEMENT
Title पुलिस व्यवस्था तथा सकारात्मक सोच /
Statement of responsibility, etc ओमराज सिहँ विश्नोई
246 ## - VARYING FORM OF TITLE
Title proper/short title Police vevastha tatha sakaratamak soch
Remainder of title by Omraj singh vishnoi
260 ## - PUBLICATION, DISTRIBUTION, ETC. (IMPRINT)
Place of publication, distribution, etc नई दिल्ली
Name of publisher, distributor, etc अरावली बुक्स इंटरनेशनल
Date of publication, distribution, etc 2010
270 ## - ADDRESS
Address डब्ल्यु 30, ओखला इंडस्ट्रियल एरिया,फेज-2
City नई दिल्ली
Postal code 110020
Telephone number 26388830-32, 26389736-38
Fax number 26388829
300 ## - PHYSICAL DESCRIPTION
Extent 237पृ.
Dimensions 22सेमी (अजिल्द)
600 ## - SUBJECT ADDED ENTRY--PERSONAL NAME
9 (RLIN) 26585
650 ## - SUBJECT ADDED ENTRY--TOPICAL TERM
9 (RLIN) 1169
650 ## - SUBJECT ADDED ENTRY--TOPICAL TERM
9 (RLIN) 25893
700 ## - ADDED ENTRY--PERSONAL NAME
9 (RLIN) 25894
942 ## - ADDED ENTRY ELEMENTS (KOHA)
Source of classification or shelving scheme Dewey Decimal Classification
Item type Hindi Books
Classification part 363.6
Call number suffix विश्नोई
Holdings
Withdrawn status Lost status Source of classification or shelving scheme Damaged status Not for loan Collection code Home library Current library Date acquired Source of acquisition Cost, normal purchase price Total Checkouts Full call number Barcode Date last seen Copy number Cost, replacement price Koha item type
    Dewey Decimal Classification   Not For Loan Non-fiction D.B.Act.Division D.B.Act.Division 15/03/2011 DBAD / PUB 225.00   363.6 विश्नोई HN-64387 15/03/2011 1 225.00 Hindi Books

© Delhi Public Library
Hit Counter
free hit counter